| 000 | 00438nam a22001697a 4500 | ||
|---|---|---|---|
| 999 |
_c7443 _d7443 |
||
| 003 | OSt | ||
| 005 | 20190211114654.0 | ||
| 008 | 190211b ||||| |||| 00| 0 eng d | ||
| 020 | _a0802423876 | ||
| 040 | _cDLC | ||
| 082 |
_a222.9 _bL815E |
||
| 100 | _aLockerbie, Jeanette | ||
| 245 |
_aEsther: Queen At The Crossroads / _cBy Jeanette Lockerbie. |
||
| 260 |
_aChicago, USA : _bMoody Press, _cc1974. |
||
| 300 | _a109 p.: | ||
| 942 |
_2ddc _cBK |
||